000
00309nam a22001457a 4500
008
230516b ||||| |||| 00| 0 eng d
020
_a
0415037506
041
_a
eng
080
_a
94
082
_a
94ALE
100
_a
28
101
_a
HISTORI
245
_a
HISTORY WORKSHOP
_c
ALEXANDER.S
942
_2
udc
_c
BK
999
_c
59729
_d
59729